00468nam a2200181Ia 4500008004100000020001800041245003200059245003200091260001500123260002200138260000900160300001500169300002500184300001000209440004000219500000800259999001900267170705s9999 xx 000 0 und d a9780531205204 2aA home in the rain forest . cby Christine Taylor-Butler. aNew York : bChildren's Press, c2007 a24 pages : bcolor illustration ; c20cm. aScholastic news nonfiction readers. a590 c337398d337398